000 02857cam a2200373 i 4500
999 _c8836
_d8836
001 1057306845
003 OCoLC
005 20241126110659.0
008 190122s2019 ilu b 001 0 eng
010 _a2019002862
020 _a9780830852345
_q(pbk. : alk. paper)
020 _a0830852344
035 _a(OCoLC)1057306845
040 _aDLC
_beng
_erda
_cDLC
_dOCLCF
_dDTM
_dDLC
_dOCLCO
_dBDX
_dWTS
_dOCLCO
_dWIO
042 _apcc
050 0 0 _aBV4011.3
_b.B865 2019
082 0 0 _a253
_223
_bBUR
092 _a253
_bB91p
100 1 _aBurgess, John P.,
_d1954-
_0http://id.loc.gov/authorities/names/n90639284
_eauthor.
_915537
245 1 2 _aA pastoral rule for today :
_breviving an ancient practice /
_cJohn P. Burgess, Jerry Andrews, and Joseph D. Small.
264 1 _aDowners Grove, Illinois :
_aSecunderabad:
_bIVP Academic, an imprint of InterVarsity Press,
_bGood Shepherd books,
_c[2019]
_c2019.
300 _a194 pages ;
_c23 cm
336 _atext
_btxt
_2rdacontent
337 _aunmediated
_bn
_2rdamedia
338 _avolume
_bnc
_2rdacarrier
504 _aIncludes bibliographical references and index.
505 0 _aWhy pastors need a rule -- The grace of theological friendships: Augustine -- The work of obedience: Benedict -- The holiness that stoops to serve: Gregory the Great -- All the ministers shall meet together: John Calvin -- Choosing your words carefully: John Wesley -- The pastor's study: John Henry Newman -- The gift of physical presence: Dietrich Bonhoeffer -- A contemporary pastoral rule -- Developing and practicing a pastoral rule.
520 _aThe pastoral office has always been a difficult calling. Today, the pastor is often asked to fulfill multiple roles: preacher, teacher, therapist, administrator, CEO. How can pastors thrive amid such demands? What is needed is a contemporary pastoral rule: a pattern for ministry that both encourages pastors and enables them to focus on what is most important in their pastoral task. This book, coauthored by three experts with decades of practical experience, explains how relying on a pastoral rule has benefited communities throughout the church's history and how such rules have functioned in the lives and work of figures such as Augustine, Calvin, Wesley, and Bonhoeffer. It also provides concrete advice on how pastors can develop and keep a rule that will help both them and their congregations to flourish.
650 0 _aPastoral theology.
_0http://id.loc.gov/authorities/subjects/sh85098604
_9414
700 1 _aAndrews, Jerry,
_d1953-
_0http://id.loc.gov/authorities/names/no2018156706
_915538
700 1 _aSmall, Joseph D.
_0http://id.loc.gov/authorities/names/n97048777
_915539
776 0 8 _iOnline version:
_aBurgess, John P., 1954- author.
_tPastoral rule for today
_dDowners Grove : InterVarsity Press, 2019
_z9780830873029
_w(DLC) 2019007434
942 _2ddc
_cBK
_01